Recent developments in computational finance (Record no. 45282)
[ view plain ]
| 000 -LEADER | |
|---|---|
| fixed length control field | 01247nam a2200313Ia 4500 |
| 245 00 - TITLE STATEMENT | |
| Title | Recent developments in computational finance |
| 260 ## - PUBLICATION, DISTRIBUTION, ETC. (IMPRINT) | |
| Place of publication | Singapore : |
| Name of publisher | World Scientific, |
| Year of publication | 2013. |
| 300 ## - PHYSICAL DESCRIPTION | |
| Number of Pages | viii, 472 p. |
| 490 0# - SERIES STATEMENT | |
| Series statement | Interdisciplinary mathematical sciences ; |
| 650 #0 - SUBJECT ADDED ENTRY--TOPICAL TERM | |
| Topical Term | Financial engineering. |
| Topical Term | Finance. |
| 700 1# - ADDED ENTRY--PERSONAL NAME | |
| Personal name | Kloeden, Peter E. |
| Personal name | Gerstner, Thomas. |
| 856 40 - ELECTRONIC LOCATION AND ACCESS | |
| Uniform Resource Identifier | http://site.ebrary.com/lib/rucke/Doc?id=10648639 |
No items available.
